000 00814nas a2200289 4500
001 BR0204008
003 BR-BrBNA
005 20231205103149.0
007 ta
008 230509b bl.|||p| |||| 00| 00por d
040 _aBR-BrBNA
_bpor
_cBiblioteca Nacional de Agricultura
041 _a(Pt)
072 _aL70
100 1 _aLima, T.B.F.
100 1 _aEurides, D.
100 1 _aRezende, R.J.
100 1 _aMilken, V.M.F.
245 1 _aPrevalência de mancha dental em cães
650 _aCÃO
650 _aDENTE
650 _aMANCHA
650 _aPIGMENTAÇÃO
650 _aHIGIENE VETERINÁRIA
773 0 _tRevista Brasileira de Medicina Veterinária (Brazil)
_xISSN 0100-2430
_g(Jan-Feb 2002), v. 24(1) p. 36-38
_wBR0204008
909 _a202311
_bLúcia
_c55
_dLúcia Elande
942 _2AGRIS
_n0
_cANA
999 _c171427
_d171427